Guess the Plant from its Scientific Name #1 - Statistics

General Stats
  • This quiz has been taken 15 times
  • The average score is 4 of 15
Answer Stats
Scientific Name Common Name % Correct
Tulipa Tulip
92%
Lilium Lily
85%
Orchidaceae Orchid
77%
Lavandula angustifolia Lavender
46%
Narcissus Daffodil
38%
Bellis perennis Daisy
23%
Eschscholzia californica California Poppy
15%
Opuntia ficus-indica Barbary Fig
8%
Rudbeckia hirta Black-Eyed Susan
8%
×Pardancanda. Xiphion Iris
8%
Myrtillocactus geometrizans Blue Myrtle Cactus
0%
Allium schoenoprasum Chive
0%
Echinocactus grusonii Golden Barrel Cactus
0%
Selenicereus grandiflorus Large-Flowered Cactus
0%
Lophophora williamsii Peyote
0%
No matching quizzes found
Score Distribution
Percent of People with Each Score
Percentile by Number Answered
Your Score History
You have not taken this quiz